Southville International School and Colleges
Your cart is empty.
  • Cart
  • Lists
    Public lists Eva Luna New books Lux_list list_1
    Your lists Log in to create your own lists
  • Log in to your account
  • Your cookies
  • Search history
Southville International School and Colleges
  • Advanced search
  • Recent comments
  • Most popular
  • Libraries

Log in to your account

Log in with GOOGLE


If you do not have an external account, but do have a local account, you can still log in:

  1. Home
  2. MARC view: UFO-ETI world master plan /
Normal view MARC view ISBD view

UFO-ETI world master plan / (Record no. 288437)

[ view plain ]
MARC details
000 -LEADER
fixed length control field 00675nam a2200229 i 4500
001 - CONTROL NUMBER
control field 2758827
003 - CONTROL NUMBER IDENTIFIER
control field PILC
005 - DATE AND TIME OF LATEST TRANSACTION
control field 20150824092945.0
008 - FIXED-LENGTH DATA ELEMENTS--GENERAL INFORMATION
fixed length control field 800110s1977 cau 000 0 eng
010 ## - LIBRARY OF CONGRESS CONTROL NUMBER
LC control number 79124487
020 ## - INTERNATIONAL STANDARD BOOK NUMBER
Terms of availability $1.95
040 ## - CATALOGING SOURCE
Original cataloging agency DLC
Transcribing agency DLC
Modifying agency DLC
050 00 - LIBRARY OF CONGRESS CALL NUMBER
Classification number BF 1999
Item number .M573 1977
082 00 - DEWEY DECIMAL CLASSIFICATION NUMBER
Classification number 133.9/3
100 1# - MAIN ENTRY--PERSONAL NAME
Personal name Michael, Allen.
245 10 - TITLE STATEMENT
Title UFO-ETI world master plan /
Statement of responsibility, etc by Allen Michael.
260 ## - PUBLICATION, DISTRIBUTION, ETC. (IMPRINT)
Place of publication, distribution, etc Berkeley, California :
Name of publisher, distributor, etc One World Family Starmast Publications,
Date of publication, distribution, etc 1977.
300 ## - PHYSICAL DESCRIPTION
Extent 159 pages ;
Dimensions 18 cm.
500 ## - GENERAL NOTE
General note "Channelings from the everlasting Gospel."
906 ## - LOCAL DATA ELEMENT F, LDF (RLIN)
a 7
b cbc
c orignew
d 2
e ncip
f 19
g y-gencatlg
942 ## - ADDED ENTRY ELEMENTS (KOHA)
Source of classification or shelving scheme Library of Congress Classification
Koha item type Books
Holdings
Withdrawn status Lost status Source of classification or shelving scheme Damaged status Home library Current library Shelving location Date acquired Source of acquisition Total Checkouts Full call number Barcode Checked out Date last seen Date checked out Price effective from Koha item type
    Library of Congress Classification   Archives College Library   08/24/2015 Donation 1 BF 1999 .M573 1977 C19730 11/15/2024 11/08/2024 11/08/2024 08/24/2015 Books

UFO-ETI world master plan /

APA

Michael A., . (1977). UFO-ETI world master plan. Berkeley, California: One World Family Starmast Publications.

Chicago

Michael Allen, . 1977. UFO-ETI world master plan. Berkeley, California: One World Family Starmast Publications.

Harvard

Michael A., . (1977). UFO-ETI world master plan. Berkeley, California: One World Family Starmast Publications.

MLA

Michael Allen, . UFO-ETI world master plan. Berkeley, California: One World Family Starmast Publications. 1977.

  • Place hold
  • Print
  • Cite
  • Add to your cart (remove)
  • Save record
    BIBTEX Dublin Core MARCXML MARC (non-Unicode/MARC-8) MARC (Unicode/UTF-8) MARC (Unicode/UTF-8, Standard) MODS (XML) RIS
  • More searches
    Search for this title in:
    Other Libraries (WorldCat) Other Databases (Google Scholar) Online Stores (Bookfinder.com) Open Library (openlibrary.org)

Exporting to Dublin Core...

SOUTHVILLE LIBRARY

Southville International School and Colleges Library

1281 Tropical Ave. Cor. Luxembourg St., BF Homes International, Las Pinas City

Tel. No. 8256374 / 252358 Loc. 117/146

Powered by Koha